MARC

LEADER 00000nam a2200000 a 4500
001 vtls010461889
003 SK-MaSNL
005 20260426012405.0
008 251124s2012 xo ol g 000 0bslo
015 |a SNBA2013 
015 |a SNBSAB2012 
020 |a 9788022736954  |q (brož.) 
035 |a 5AED85D2-54AC-4269-801F-91CDB4FBA1B0 
035 |a urn:nbn:sk:snk-amjlto 
035 |a urn:nbn:sk:snk-am001n83 
040 |a SNK  |b slo  |c SNK  |e AACR2 
041 0 |a slo 
044 |a xo  |c SK 
072 7 |a 378  |x Vysoké školy  |2 konspekt 
072 7 |a 929  |x Biografie  |2 konspekt 
080 |a 378.6:62  |2 2001 
080 |a 929  |2 2001 
080 |a (437.6)  |2 2001 
080 |a (082.2)  |2 2001 
080 |a (092)  |2 2001 
080 |a 016  |2 2001 
100 1 |a Uher, Michal,  |d 1936-  |4 aut  |9 219584 
245 1 0 |a Prof. Ing. Dr. techn. František Valentin  |b tretí rektor SVŠT  |c Michal Uher 
246 3 0 |a František Valentin 
250 |a 1. vyd. 
260 |a Bratislava  |b Slovenská technická univerzita  |c 2012 
300 |a 29 s.  |b fotogr., sch.  |c 21 cm 
366 |e 50 výt. 
490 1 |a Osobnosti fakulty chemickej a potravinárskej technológie STU v Bratislave  |v zv. 12 
504 |a Bibliogr. Františka Valentína s. 9. 0bsahuje 15 záz. pôvodné vedecké práce 
600 1 7 |a Valentin, František,  |d 1892-1966  |2 SNKMA  |9 218999 
610 2 7 |a Slovenská technická univerzita v Bratislave.  |b Fakulta chemickej a potravinárskej technológie  |2 SNKKA  |9 176038 
650 0 7 |a vysoké školy technické  |2 SNKPH  |9 71431 
650 0 7 |a osobnosti  |2 SNKPH  |9 29820 
650 0 7 |a Technical universities  |2 SNKPHeng  |9 265533 
650 0 7 |a Celebrities  |2 SNKPHeng  |9 265203 
651 7 |a Bratislava (Slovensko)  |2 SNKPH  |9 14568 
651 7 |a Bratislava (Slovakia)  |2 SNKPHeng  |9 171234 
655 7 |a jubilejné publikácie  |2 SNKPH  |9 70339 
655 7 |a biografie  |2 SNKPH  |9 27965 
655 7 |a Jubilee works  |2 SNKPHeng  |9 326841 
655 7 |a Biography  |2 SNKPHeng  |9 266314 
655 7 |a bibliografie  |2 SNKPH  |9 28668 
655 7 |a Bibliographies  |2 SNKPHeng  |9 266698 
810 2 |a Slovenská technická univerzita v Bratislave  |t Osobnosti fakulty chemickej a potravinárskej technológie  |9 447596 
830 0 |a Osobnosti fakulty chemickej a potravinárskej technológie STU v Bratislave  |9 327485 
852 |a Štátna vedecká knižnica v Banskej Bystrici 
919 |a 978-80-227-3695-4 
958 |a BX 
958 |a NB 
958 |a SF 
999 |c 1095684  |d 1097614 
952 |a SNK  |b SNK  |y PREZ  |7 0  |p 17A1056168  |o snkSC 151829  |i snk2012/22904  |8 0  |0 0  |1 0  |4 0  |d 2012-11-09  |l 0  |r 2025-07-22 00:00:00  |w 2026-02-24 
952 |a SNK  |b SNK  |y VYP  |7 0  |p 17A1056167  |o snkSC 151829 D1  |i snk2012/22905  |8 0  |0 0  |1 0  |4 0  |d 2012-11-09  |f 1  |l 0  |r 2026-02-24 17:12:30  |w 2026-02-24